[Event "28. O. Senioren-LEM Sachsen-Anhalt 2020"]
[Site "Magdeburg"]
[Date "2020.08.05"]
[Round "3.1"]
[White "Köhler, Gerhard"]
[Black "König, Marco"]
[Result "0-1"]
[WhiteElo "2213"]
[BlackElo "2083"]
[PlyCount "110"]
[EventDate "2020.??.??"]
[WhiteTeam "USV Halle"]
[BlackTeam "SG Aufbau Elbe Magdeburg"]

1. c4 e6 2. Nc3 d5 3. d4 Nf6 4. Nf3 dxc4 5. e3 a6 6. Bxc4 b5 7. Bd3 Bb7 8. O-O
Nbd7 9. Qe2 c5 10. Rd1 c4 11. Bc2 Qc7 12. e4 Be7 13. Bg5 Nb6 14. a4 b4 15. a5
Nbd7 16. Na4 O-O 17. e5 Nd5 18. Qe4 g6 19. Qh4 Bxg5 20. Nxg5 h5 21. Qg3 Rae8
22. Re1 Ne7 23. Rad1 Bd5 24. Nb6 Nxb6 25. axb6 Qxb6 26. Ne4 Bxe4 27. Bxe4 Kg7
28. Qg5 Nd5 29. f4 Qd8 30. Qg3 f5 31. exf6+ Qxf6 32. Rf1 Kh6 33. Kh1 Ne7 34.
Qf2 Nd5 35. Qg3 Rc8 36. Bxd5 exd5 37. f5 gxf5 38. Qf4+ Qg5 39. Qd6+ Rf6 40.
Qxd5 c3 41. bxc3 Rxc3 42. Qd8 Qg7 43. Rde1 Rc2 44. Rg1 Rcc6 45. Re8 Kh7 46. Re7
Rf7 47. Re5 Qf6 48. Qa5 b3 49. Qa3 Rb7 50. Qa5 Kg6 51. Rb1 b2 52. Qe1 Qg5 53.
Re3 Rc1 54. Rxc1 bxc1=Q 55. Qxc1 Qxe3 0-1

[Event "28. O. Senioren-LEM Sachsen-Anhalt 2020"]
[Site "Magdeburg"]
[Date "2020.08.05"]
[Round "3.2"]
[White "Hansch, Torsten"]
[Black "Hofstetter, Hans-Joachim"]
[Result "0-1"]
[WhiteElo "2075"]
[BlackElo "2197"]
[PlyCount "96"]
[EventDate "2020.??.??"]
[WhiteTeam "Stendaler Schachklub"]
[BlackTeam "SK 1933 Bad Neustadt"]

1. d4 Nf6 2. c4 g6 3. Nc3 d5 4. e3 Bg7 5. Nf3 O-O 6. Qb3 e6 7. Bd2 b6 8. cxd5
exd5 9. Be2 c5 10. dxc5 bxc5 11. O-O Ne4 12. Nxe4 dxe4 13. Bc3 Be6 14. Qc2 exf3
15. Bxf3 Nd7 16. Bxg7 Kxg7 17. Bxa8 Qxa8 18. Rfd1 Rc8 19. Rd6 Qb7 20. Rad1 Rc6
21. Rxc6 Qxc6 22. b3 h5 23. Qc3+ Kf8 24. f3 Ke7 25. Rc1 Qb6 26. Kf2 h4 27. Qh8
h3 28. gxh3 Qd6 29. Kg1 Qd2 30. Qh4+ f6 31. Qe1 Qxa2 32. b4 Bxh3 33. Qg3 Qd2
34. Ra1 Qc3 35. Rd1 Qxe3+ 36. Kh1 Be6 37. bxc5 Qxc5 38. Qxg6 Ne5 39. Qh7+ Bf7
40. Qe4 Qc6 41. Ra1 Bd5 42. Rxa7+ Ke6 43. Qe3 Bxf3+ 44. Kg1 Qc2 45. Rg7 Qd1+
46. Kf2 Qh1 47. Qb3+ Kf5 48. Kg3 Qg2+ 0-1

[Event "28. O. Senioren-LEM Sachsen-Anhalt 2020"]
[Site "Magdeburg"]
[Date "2020.08.05"]
[Round "3.3"]
[White "Szenetra, Werner"]
[Black "Andersen, Knut"]
[Result "1/2-1/2"]
[WhiteElo "2190"]
[BlackElo "2047"]
[PlyCount "64"]
[EventDate "2020.??.??"]
[WhiteTeam "SV Berenbostel"]
[BlackTeam "Schachfreunde Buer"]

1. Nf3 d5 2. g3 g6 3. Bg2 Bg7 4. d3 c5 5. O-O Nc6 6. Nbd2 Nf6 7. e4 dxe4 8.
dxe4 O-O 9. c3 Qc7 10. Qe2 Bd7 11. Nc4 Rad8 12. Re1 Ng4 13. h3 Nge5 14. Nfxe5
Nxe5 15. Ne3 e6 16. f4 Nc6 17. Nf1 Ne7 18. Be3 b6 19. Nh2 Bc6 20. Rad1 Rxd1 21.
Rxd1 Rd8 22. Ng4 Rxd1+ 23. Qxd1 f5 24. exf5 Nxf5 25. Bxc6 Nxe3 26. Qe2 Qxc6 27.
Qxe3 Qd5 28. a3 h5 29. Nf2 c4 30. Qe4 Kf7 31. Kf1 Bf8 32. Ke2 Bc5 1/2-1/2

[Event "28. O. Senioren-LEM Sachsen-Anhalt 2020"]
[Site "Magdeburg"]
[Date "2020.08.05"]
[Round "3.4"]
[White "Kröncke, Manfred"]
[Black "Kahe, Ralph"]
[Result "1/2-1/2"]
[WhiteElo "2026"]
[BlackElo "2165"]
[PlyCount "74"]
[EventDate "2020.??.??"]
[WhiteTeam "SG Glückstadt von 1920"]
[BlackTeam "SV Rochade Magdeburg 96"]

1. e4 g6 2. Nf3 Bg7 3. g3 c5 4. Bg2 Nc6 5. O-O d6 6. c3 Nf6 7. Qe2 O-O 8. h3
Ne8 9. Rd1 e5 10. Na3 Nc7 11. d3 Ne6 12. Nc2 b6 13. b4 Ba6 14. Rb1 cxb4 15.
Nxb4 Nxb4 16. Rxb4 Qc7 17. c4 Bc8 18. Be3 Rb8 19. Ng5 Nc5 20. Qd2 f6 21. Nf3
Be6 22. Bh6 Bd7 23. Bxg7 Kxg7 24. Ne1 Rbd8 25. Rc1 Qc8 26. Kh2 Ne6 27. Nc2 Qc5
28. Rb2 Ba4 29. Ne3 Nd4 30. Ng4 g5 31. Ne3 Bd7 32. Nc2 Ne6 33. Ne3 Nd4 34. Nc2
Rc8 35. Nxd4 Qxd4 36. Qc3 Rc5 37. Qxd4 exd4 1/2-1/2

[Event "28. O. Senioren-LEM Sachsen-Anhalt 2020"]
[Site "Magdeburg"]
[Date "2020.08.05"]
[Round "3.5"]
[White "Valet, Richard"]
[Black "Blodig, Reinhard"]
[Result "1/2-1/2"]
[WhiteElo "2023"]
[BlackElo "2076"]
[PlyCount "21"]
[EventDate "2020.??.??"]
[WhiteTeam "Greifswalder SV"]
[BlackTeam "TV Riedenburg Schach"]

1. e4 c5 2. Nc3 Nc6 3. g3 g6 4. Bg2 Bg7 5. d3 d6 6. f4 e6 7. Nf3 Nge7 8. O-O
O-O 9. Be3 Nd4 10. Bf2 Rb8 11. Qd2 1/2-1/2

[Event "28. O. Senioren-LEM Sachsen-Anhalt 2020"]
[Site "Magdeburg"]
[Date "2020.08.05"]
[Round "3.6"]
[White "Prüsse, Horst"]
[Black "Heise, Jürgen"]
[Result "1-0"]
[WhiteElo "2095"]
[BlackElo "2006"]
[PlyCount "43"]
[EventDate "2020.??.??"]
[WhiteTeam "SG Eintracht Neubrandenburg"]
[BlackTeam "SV Freibauer Barleben"]

1. e4 c5 2. d4 cxd4 3. c3 Qa5 4. Nf3 Nf6 5. e5 dxc3 6. Nxc3 Ne4 7. Qd5 Nc5 8.
Ng5 f6 9. exf6 gxf6 10. Nge4 d6 11. Bc4 Kd8 12. b4 Qxb4 13. Rb1 Qa5 14. Rb5 Be6
15. Rxa5 Bxd5 16. Bxd5 Nc6 17. Bxc6 Nd3+ 18. Kd2 Nxc1 19. Bxb7 Bh6+ 20. Kc2 Rb8
21. Rxa7 Rg8 22. g3 1-0

[Event "28. O. Senioren-LEM Sachsen-Anhalt 2020"]
[Site "Magdeburg"]
[Date "2020.08.05"]
[Round "3.7"]
[White "Rüther, Rudolf"]
[Black "Hartung, Lothar"]
[Result "1/2-1/2"]
[WhiteElo "2079"]
[BlackElo "1868"]
[PlyCount "120"]
[EventDate "2020.??.??"]
[WhiteTeam "Erfurter Schachklub"]
[BlackTeam "SG Eintracht Neubrandenburg"]

1. d4 d5 2. Nf3 Nf6 3. c4 e6 4. Nc3 c5 5. cxd5 exd5 6. g3 Nc6 7. Bg2 a6 8. O-O
Be7 9. Bg5 cxd4 10. Nxd4 Be6 11. Rc1 Rc8 12. Na4 h6 13. Be3 Nxd4 14. Qxd4 Rxc1
15. Rxc1 Qa5 16. a3 O-O 17. Nc5 Bxc5 18. Qxc5 Qxc5 19. Rxc5 Rc8 20. Rxc8+ Bxc8
21. Bd4 Be6 22. Bxf6 gxf6 23. e3 f5 24. Kf1 Kg7 25. Ke2 Kf6 26. Kd3 Ke5 27. f4+
Kd6 28. Kd4 b6 29. Bf3 f6 30. Be2 a5 31. Bh5 Ke7 32. Bg6 Kd6 33. Be8 Ke7 34.
Bc6 Kd6 35. Bb7 Bf7 36. Bc8 Bg6 37. h3 Bh7 38. Ba6 Bg8 39. Bb5 Be6 40. Ba4 Bf7
41. Bb3 Be6 42. Bd1 Kd7 43. Bh5 Kd6 44. Be2 Bd7 45. Ba6 Be8 46. Bc8 Bg6 47. b3
Bh7 48. b4 axb4 49. axb4 Bg6 50. h4 h5 51. Ba6 Be8 52. Be2 Bg6 53. Bd1 Be8 54.
Bf3 Bf7 55. b5 Be8 56. Bd1 Bg6 57. Bc2 Bh7 58. Bd3 Bg6 59. Be2 Be8 60. Bf3 Bf7
1/2-1/2

[Event "28. O. Senioren-LEM Sachsen-Anhalt 2020"]
[Site "Magdeburg"]
[Date "2020.08.05"]
[Round "3.8"]
[White "Supplieth, Peter"]
[Black "Pfitzer, Norbert"]
[Result "0-1"]
[WhiteElo "1851"]
[BlackElo "2068"]
[PlyCount "74"]
[EventDate "2020.??.??"]
[WhiteTeam "TTC Blau-Weiß Geldern Veert"]
[BlackTeam "SV Backnang"]

1. c4 e5 2. g3 Nf6 3. Bg2 c6 4. Nc3 d6 5. d4 exd4 6. Qxd4 Qb6 7. Nf3 Qxd4 8.
Nxd4 Be7 9. O-O O-O 10. e4 g6 11. f4 Nbd7 12. b3 Re8 13. Bb2 Nc5 14. b4 Ne6 15.
Nc2 Rd8 16. Rad1 Ne8 17. Rd2 Bf6 18. Rfd1 Rb8 19. Ne3 c5 20. e5 dxe5 21. Ncd5
Bg7 22. Ne7+ Kf8 23. Rxd8 Nxd8 24. Nxc8 Rxc8 25. Bh3 f5 26. b5 exf4 27. Bxg7+
Nxg7 28. gxf4 Nde6 29. Nd5 Rd8 30. Re1 Kf7 31. Bg2 b6 32. Bf3 Rd7 33. Kf2 Nd4
34. Bd1 Nge6 35. Kg3 Nxb5 36. Nxb6 Rd3+ 37. Kf2 Nc3 0-1

[Event "28. O. Senioren-LEM Sachsen-Anhalt 2020"]
[Site "Magdeburg"]
[Date "2020.08.05"]
[Round "3.9"]
[White "Kollberg, Lothar"]
[Black "Hiby, Harald"]
[Result "0-1"]
[WhiteElo "2063"]
[BlackElo "1851"]
[PlyCount "64"]
[EventDate "2020.??.??"]
[WhiteTeam "SC Zugzwang 95"]
[BlackTeam "Schachverein Dormagen 1947"]

1. d4 e6 2. c4 d5 3. Nc3 Nf6 4. cxd5 exd5 5. Bg5 Be7 6. e3 Nbd7 7. Qc2 h6 8.
Bxf6 Nxf6 9. Nf3 O-O 10. Bd3 c6 11. O-O Re8 12. Rab1 Bd7 13. b4 b6 14. a4 Bd6
15. b5 Rc8 16. bxc6 Bxc6 17. Qa2 Qd7 18. Rfc1 Ne4 19. Bb5 Nxc3 20. Rxc3 Bxb5
21. Rxc8 Rxc8 22. axb5 Rc4 23. g3 Qf5 24. Kg2 g5 25. Nd2 Rc2 26. Rb2 Rc1 27.
Qxa7 g4 28. e4 Qh5 29. h4 gxh3+ 30. Kh2 Bxg3+ 31. Kxg3 h2 32. Qb8+ Kg7 0-1

[Event "28. O. Senioren-LEM Sachsen-Anhalt 2020"]
[Site "Magdeburg"]
[Date "2020.08.05"]
[Round "3.10"]
[White "Schober, Ralf"]
[Black "Funke, Arnold"]
[Result "1-0"]
[WhiteElo "2030"]
[BlackElo "1907"]
[PlyCount "121"]
[EventDate "2020.??.??"]
[WhiteTeam "SV 1919 Grimma"]
[BlackTeam "SV Aufbau Bernburg"]

1. e4 e6 2. Nc3 c5 3. f4 Nc6 4. Nf3 d5 5. Bb5 d4 6. Bxc6+ bxc6 7. Ne2 Nf6 8. d3
Be7 9. O-O O-O 10. Ng3 g6 11. b3 a5 12. a4 Kg7 13. Bd2 Ng4 14. h3 Nf6 15. Ne5
Qc7 16. Nc4 h5 17. Qe1 Bd8 18. e5 Nd5 19. Ne4 Nb4 20. Na3 Be7 21. Qe2 Rh8 22.
g3 Ba6 23. Kg2 Rag8 24. Rae1 Kf8 25. Rh1 Rg7 26. Nf6 Nd5 27. Ne4 Ke8 28. Qf2
Kd7 29. Nc4 Bxc4 30. dxc4 Nb4 31. Rc1 Kc8 32. h4 Rd8 33. Rhd1 Kb7 34. Bxb4 axb4
35. Kf3 Rgg8 36. Ke2 Ka6 37. Kd3 Rgf8 38. Rh1 Rh8 39. Rce1 Kb6 40. Qe2 Ra8 41.
Rh2 Qd8 42. Reh1 Qf8 43. Nf6 Qg7 44. Ne4 Qf8 45. Ng5 Bxg5 46. fxg5 Qb8 47. Rf2
Ra7 48. Rhf1 Rf8 49. Rf6 Re7 50. Qe4 Qe8 51. Qf3 Rg8 52. Rxf7 Qd7 53. Rxe7 Qxe7
54. Qf7 Rg7 55. Qxe7 Rxe7 56. Rf6 Re8 57. Rxg6 Kc7 58. Rf6 Kd7 59. Rf7+ Kc8 60.
g6 Rg8 61. g7 1-0

[Event "28. O. Senioren-LEM Sachsen-Anhalt 2020"]
[Site "Magdeburg"]
[Date "2020.08.05"]
[Round "3.11"]
[White "Milde, Lars"]
[Black "Bohnstorff, Michael"]
[Result "1/2-1/2"]
[WhiteElo "1870"]
[BlackElo "2027"]
[PlyCount "66"]
[EventDate "2020.??.??"]
[WhiteTeam "TuS Varrel"]
[BlackTeam "SC Turm Lüneburg"]

1. e4 d5 2. d4 c6 3. e5 Bf5 4. Nf3 e6 5. Be2 c5 6. O-O Nc6 7. Be3 Qb6 8. Nc3
Qxb2 9. Nb5 Rc8 10. c4 a6 11. Nd6+ Bxd6 12. exd6 Nf6 13. cxd5 Nxd5 14. dxc5 O-O
15. Bd3 Nxe3 16. fxe3 Qc3 17. Bxf5 Qxe3+ 18. Kh1 exf5 19. d7 Rb8 20. Qd5 Qe6
21. Qxe6 fxe6 22. Rfe1 Rf6 23. Ng5 e5 24. Rad1 h6 25. Nf3 e4 26. Nd4 Rd8 27.
Nxc6 Rxc6 28. Rd5 g6 29. g4 Rf6 30. Rb1 e3 31. Rxb7 Re6 32. Rb1 f4 33. Kg2 Kf7
1/2-1/2

[Event "28. O. Senioren-LEM Sachsen-Anhalt 2020"]
[Site "Magdeburg"]
[Date "2020.08.05"]
[Round "3.12"]
[White "Jürgens, Peter"]
[Black "Brettschneider, Karl"]
[Result "1/2-1/2"]
[WhiteElo "1847"]
[BlackElo "2025"]
[PlyCount "71"]
[EventDate "2020.??.??"]
[WhiteTeam "SC Tempo Göttingen"]
[BlackTeam "SC Leinfelden"]

1. d4 f5 2. Nc3 d5 3. Bf4 c6 4. Nf3 Nf6 5. e3 e6 6. Bd3 Be7 7. O-O O-O 8. Ne2
Ne4 9. c4 Nd7 10. Qc2 g5 11. Bg3 h5 12. Ne5 h4 13. Nxd7 Bxd7 14. Be5 Qe8 15. f3
Nf6 16. e4 Qg6 17. Bxf6 Qxf6 18. e5 Qh6 19. c5 b5 20. a4 a6 21. Qd2 Rfb8 22.
Ra2 Qf8 23. axb5 axb5 24. Rfa1 Rxa2 25. Rxa2 Ra8 26. b4 Qb8 27. Nc3 Ra7 28.
Rxa7 Qxa7 29. Qa2 Qxa2 30. Nxa2 Kg7 31. g3 Be8 32. Kg2 Bh5 33. h3 Kh6 34. g4
Bg6 35. Nc1 fxg4 36. fxg4 1/2-1/2

[Event "28. O. Senioren-LEM Sachsen-Anhalt 2020"]
[Site "Magdeburg"]
[Date "2020.08.05"]
[Round "3.13"]
[White "Senebald, Roland"]
[Black "Molzahn, Norbert"]
[Result "1/2-1/2"]
[WhiteElo "1842"]
[BlackElo "1996"]
[PlyCount "30"]
[EventDate "2020.??.??"]
[WhiteTeam "PostTurnSportVerein Halle"]
[BlackTeam "SV Motor Hainichen 1949"]

1. d4 Nf6 2. Nf3 b6 3. g3 Bb7 4. Bg2 e6 5. O-O Be7 6. c4 O-O 7. Nc3 d5 8. b3
Nbd7 9. Bb2 Rc8 10. cxd5 exd5 11. Rc1 Re8 12. Re1 c5 13. e3 a6 14. Ne5 Ne4 15.
Nxd7 Nxc3 1/2-1/2

[Event "28. O. Senioren-LEM Sachsen-Anhalt 2020"]
[Site "Magdeburg"]
[Date "2020.08.05"]
[Round "3.14"]
[White "Kothe, Manfred"]
[Black "Steiger, Michael"]
[Result "1-0"]
[WhiteElo "1806"]
[BlackElo "1982"]
[PlyCount "73"]
[EventDate "2020.??.??"]
[WhiteTeam "SC Zugzwang 95"]
[BlackTeam "SC Kreuzberg"]

1. e4 c5 2. Nf3 d6 3. d4 cxd4 4. Nxd4 Nf6 5. Nc3 g6 6. Be2 Bg7 7. Be3 O-O 8.
Qd2 Nc6 9. f4 Nxd4 10. Bxd4 e5 11. Be3 exf4 12. Bxf4 Re8 13. Bf3 Bf5 14. O-O-O
Nxe4 15. Bxe4 Bxc3 16. bxc3 Rxe4 17. Bh6 Qa5 18. Rhf1 Qa3+ 19. Kb1 Be6 20. Qxd6
Qxa2+ 21. Kc1 Qa1+ 22. Kd2 Qa5 23. Kc1 Qa1+ 24. Kd2 Qa5 25. Kc1 Rc8 26. Rd3 Bc4
27. Qf6 Qe5 28. Rd8+ Rxd8 29. Qxd8+ Qe8 30. Rd1 f5 31. Qc7 Qe7 32. Rd8+ Kf7 33.
Rf8+ Ke6 34. Qc8+ Qd7 35. Re8+ Kd6 36. Bf8+ Re7 37. Bxe7+ 1-0

[Event "28. O. Senioren-LEM Sachsen-Anhalt 2020"]
[Site "Magdeburg"]
[Date "2020.08.05"]
[Round "3.15"]
[White "Wagner, Bernd"]
[Black "Kopischke, Maik"]
[Result "1-0"]
[WhiteElo "1968"]
[BlackElo "1830"]
[PlyCount "81"]
[EventDate "2020.??.??"]
[WhiteTeam "SV Aufbau Bernburg"]
[BlackTeam "SC Zugzwang 95"]

1. d4 Nf6 2. Nf3 c5 3. Bf4 b6 4. e3 Bb7 5. Nbd2 g6 6. c3 Bg7 7. Bd3 O-O 8. h3
d6 9. O-O Nbd7 10. Bh2 Re8 11. e4 e5 12. d5 a6 13. a4 Bh6 14. Nc4 Qc7 15. g4
Bg7 16. Nfd2 Bc8 17. Be2 Nf8 18. g5 N6d7 19. Bg4 Bb7 20. h4 b5 21. Na3 Qb6 22.
Kg2 c4 23. Bg1 Nc5 24. f3 Nfd7 25. Bxd7 Re7 26. Bg4 Qd8 27. Bxc5 dxc5 28. axb5
f5 29. Bh3 h6 30. Rg1 hxg5 31. hxg5 Rf7 32. Kh1 fxe4 33. fxe4 Rf4 34. Be6+ Kf8
35. Rg4 Ke7 36. Rxf4 Qh8+ 37. Kg2 exf4 38. Qg4 Bxc3 39. Qxf4 Bxd2 40. Qf7+ Kd6
41. Nxc4# 1-0

[Event "28. O. Senioren-LEM Sachsen-Anhalt 2020"]
[Site "Magdeburg"]
[Date "2020.08.05"]
[Round "3.16"]
[White "Stummeyer, Dieter"]
[Black "Schmieder, Siegfried"]
[Result "0-1"]
[WhiteElo "1772"]
[BlackElo "1960"]
[PlyCount "56"]
[EventDate "2020.??.??"]
[WhiteTeam "SG Garbsen/Marienwerder"]
[BlackTeam "SG Schwäbisch Gmünd 1872"]

1. e4 d6 2. d4 Nf6 3. Nc3 g6 4. Be2 Bg7 5. Be3 O-O 6. Qd2 e5 7. d5 Ng4 8. Bxg4
Bxg4 9. f3 Bd7 10. Nge2 f5 11. g3 fxe4 12. fxe4 Bh3 13. O-O-O Nd7 14. Bh6 Nf6
15. Bxg7 Kxg7 16. Ng1 Bd7 17. Rf1 Qe7 18. h3 b5 19. Qe3 c6 20. Rd1 b4 21. Nce2
cxd5 22. exd5 Rfc8 23. Kb1 Bf5 24. Nd4 Be4 25. Rh2 exd4 26. Qxd4 Rc5 27. Re2
Rxd5 28. Qxd5 Nxd5 0-1

[Event "28. O. Senioren-LEM Sachsen-Anhalt 2020"]
[Site "Magdeburg"]
[Date "2020.08.05"]
[Round "3.17"]
[White "Just, Joachim"]
[Black "Boldt, Heinrich"]
[Result "1-0"]
[WhiteElo "1948"]
[BlackElo "1823"]
[PlyCount "61"]
[EventDate "2020.??.??"]
[WhiteTeam "SV Motor Zeitz"]
[BlackTeam "TSV Kareth-Lappersdorf"]

1. Nc3 c6 2. d4 d6 3. Nf3 Nf6 4. e4 Qc7 5. h3 h6 6. Be3 e5 7. Be2 Be7 8. Qd2 b5
9. Bd3 a5 10. Ne2 Be6 11. Ng3 Nbd7 12. O-O Nh7 13. a4 b4 14. c4 bxc3 15. bxc3
Nb6 16. Qe2 Ng5 17. Nd2 Nd7 18. f4 exf4 19. Bxf4 O-O 20. Qe3 Rad8 21. c4 Nf6
22. Nf5 Bxf5 23. Bxg5 Bg6 24. Bh4 Ng4 25. Qg3 Bxh4 26. Qxg4 Bf6 27. Nf3 c5 28.
e5 dxe5 29. Bxg6 fxg6 30. dxe5 Bxe5 31. Qe6+ 1-0

[Event "28. O. Senioren-LEM Sachsen-Anhalt 2020"]
[Site "Magdeburg"]
[Date "2020.08.05"]
[Round "3.18"]
[White "Eberhardt, Michael"]
[Black "Mohs, Jürgen"]
[Result "1/2-1/2"]
[WhiteElo "1703"]
[BlackElo "1947"]
[PlyCount "84"]
[EventDate "2020.??.??"]
[WhiteTeam "SC Agon Neumünster"]
[BlackTeam "SV Aufbau Bernburg"]

1. d4 d5 2. Nf3 c6 3. e3 g6 4. Bd3 Bg7 5. h3 Nd7 6. O-O Ngf6 7. Nbd2 O-O 8. c3
Qc7 9. e4 dxe4 10. Nxe4 Nxe4 11. Bxe4 Nf6 12. Bd3 Nd5 13. Re1 Re8 14. Bc4 Bd7
15. Bg5 Be6 16. Qd2 Qd7 17. Bf1 f6 18. Bh6 Bf7 19. Bxg7 Kxg7 20. Rad1 Rad8 21.
c4 Nc7 22. Qf4 Ne6 23. Qe3 Nc7 24. Qc3 b6 25. b4 a6 26. Be2 Ne6 27. Qe3 Qc7 28.
Rd2 b5 29. c5 Nf4 30. Bf1 Nd5 31. Qa3 Ra8 32. Qb2 Qf4 33. Bd3 Qc7 34. Be4 a5
35. Bxd5 Bxd5 36. Rde2 axb4 37. Qxb4 Rxa2 38. Rxa2 Bxa2 39. Ra1 Bd5 40. Nd2 Qf4
41. Qc3 Qg5 42. Nf3 Qf4 1/2-1/2

[Event "28. O. Senioren-LEM Sachsen-Anhalt 2020"]
[Site "Magdeburg"]
[Date "2020.08.05"]
[Round "3.19"]
[White "Zschunke, Werner"]
[Black "Könze, Peter"]
[Result "1-0"]
[WhiteElo "1946"]
[BlackElo "1798"]
[PlyCount "55"]
[EventDate "2020.??.??"]
[WhiteTeam "Schachklub Schweinfurt 2000"]
[BlackTeam "SV 1919 Grimma"]

1. c4 e5 2. g3 Nc6 3. Bg2 g6 4. Nc3 Bg7 5. d3 d6 6. e4 f5 7. Nge2 Nf6 8. O-O
O-O 9. h3 Be6 10. Nd5 Qd7 11. exf5 Bxf5 12. g4 Be6 13. Be3 Ne7 14. Nxe7+ Qxe7
15. Qd2 d5 16. g5 Nh5 17. cxd5 Bf5 18. Rac1 Qd7 19. h4 Bh3 20. f3 Bxg2 21. Kxg2
Qxd5 22. Rxc7 b6 23. b3 Rf5 24. Qc2 Qd8 25. Rc1 Bf8 26. Qc6 Bc5 27. Bxc5 bxc5
28. Rxc5 1-0

[Event "28. O. Senioren-LEM Sachsen-Anhalt 2020"]
[Site "Magdeburg"]
[Date "2020.08.05"]
[Round "3.20"]
[White "Bondick, Karl-Heinz"]
[Black "Bloi, Roland"]
[Result "1-0"]
[WhiteElo "1902"]
[BlackElo "1766"]
[PlyCount "43"]
[EventDate "2020.??.??"]
[WhiteTeam "USC Magdeburg"]
[BlackTeam "SV 1919 Grimma"]

1. d4 d5 2. e4 dxe4 3. Nc3 Nf6 4. f3 c6 5. fxe4 e5 6. dxe5 Qxd1+ 7. Nxd1 Nxe4
8. Nf3 Be7 9. Bc4 O-O 10. O-O b5 11. Bb3 Nc5 12. Be3 Nxb3 13. axb3 a6 14. Nf2
Be6 15. Rfd1 h6 16. Rd2 Nd7 17. Ne4 Bd5 18. c4 Nxe5 19. cxd5 Nxf3+ 20. gxf3
cxd5 21. Rxd5 Rfd8 22. Rxd8+ 1-0

[Event "28. O. Senioren-LEM Sachsen-Anhalt 2020"]
[Site "Magdeburg"]
[Date "2020.08.05"]
[Round "3.21"]
[White "Ludwig, Richard"]
[Black "Wolke, Reimund"]
[Result "0-1"]
[WhiteElo "1586"]
[BlackElo "1883"]
[PlyCount "72"]
[EventDate "2020.??.??"]
[WhiteTeam "SV Irxleben von 1919"]
[BlackTeam "Hamburger SK von 1830"]

1. e4 c5 2. c3 d5 3. exd5 Qxd5 4. d4 Nf6 5. Nf3 Bg4 6. Be2 e6 7. Be3 cxd4 8.
cxd4 Be7 9. Nc3 Qd8 10. O-O O-O 11. h3 Bh5 12. Rc1 Nc6 13. a3 Rc8 14. Re1 a6
15. Qd2 Na5 16. Qd1 Nc4 17. Bxc4 Rxc4 18. g4 Bg6 19. Ne5 Rc8 20. Nxg6 hxg6 21.
Qd2 Nd5 22. Nxd5 Qxd5 23. Rxc8 Rxc8 24. Rc1 Rd8 25. f4 Qf3 26. Kh2 Qd5 27. Qg2
Qd7 28. Qd2 Bd6 29. Kg2 Qb5 30. Qc2 Qd5+ 31. Kf2 Be7 32. g5 Bd6 33. Qc4 Qf5 34.
Kg3 Qxg5+ 35. Kf3 Qf5 36. Rh1 g5 0-1

[Event "28. O. Senioren-LEM Sachsen-Anhalt 2020"]
[Site "Magdeburg"]
[Date "2020.08.05"]
[Round "3.22"]
[White "Zerfass, Otfried"]
[Black "Voigt, Maik"]
[Result "1-0"]
[WhiteElo "1879"]
[BlackElo "1761"]
[PlyCount "73"]
[EventDate "2020.??.??"]
[WhiteTeam "Union 1861 Schönebeck"]
[BlackTeam "SV Freibauer Barleben"]

1. e4 c5 2. Nc3 Nc6 3. f4 g6 4. Nf3 Bg7 5. Bb5 a6 6. Bxc6 bxc6 7. d3 d5 8. O-O
Bg4 9. Qe1 Nf6 10. h3 Bc8 11. e5 Ng8 12. b3 Qb6 13. Na4 Qb5 14. c4 Qb4 15. Bd2
Qb8 16. Nxc5 e6 17. f5 Bf8 18. Be3 exf5 19. e6 fxe6 20. Qc3 e5 21. Nxe5 Bg7 22.
Bd4 Qd6 23. Rae1 Ne7 24. Na4 O-O 25. Bc5 Qc7 26. d4 Rb8 27. Bxe7 Bxe5 28. Rxe5
Rf7 29. Rfe1 Bd7 30. cxd5 Rc8 31. dxc6 Bxc6 32. Nc5 Qa7 33. Bg5 Be4 34. Bh6 Re7
35. Qc4+ Rf7 36. Nxe4 fxe4 37. Qxc8+ 1-0

[Event "28. O. Senioren-LEM Sachsen-Anhalt 2020"]
[Site "Magdeburg"]
[Date "2020.08.05"]
[Round "3.23"]
[White "Klimpel, Siegfried"]
[Black "Hansch, Klaus-Michael"]
[Result "1/2-1/2"]
[WhiteElo "1764"]
[BlackElo "1873"]
[PlyCount "77"]
[EventDate "2020.??.??"]
[WhiteTeam "TSV Kareth-Lappersdorf"]
[BlackTeam "SC Weisse Dame"]

1. e4 d5 2. Nf3 Bg4 3. h3 Bh5 4. g4 Bg6 5. exd5 Qxd5 6. Nc3 Qa5 7. Bc4 e6 8. d3
c6 9. h4 h6 10. h5 Bh7 11. Qe2 Nf6 12. Ne5 Bg8 13. Bd2 Bb4 14. O-O-O Nbd7 15.
f4 Nxe5 16. fxe5 Nd5 17. Nxd5 Bxd2+ 18. Rxd2 cxd5 19. Bb3 Bh7 20. Rg1 O-O-O 21.
Rf1 Rhf8 22. Rf4 Qb6 23. Qf2 Qxf2 24. Rdxf2 Rd7 25. Kd2 Kd8 26. Ke3 Ke7 27. c4
dxc4 28. Bxc4 a6 29. a4 f6 30. a5 Rdd8 31. b4 Bg8 32. d4 Bh7 33. Rf1 Rc8 34.
Rc1 Rc7 35. exf6+ Rxf6 36. Rxf6 gxf6 37. Rc3 Kd6 38. Kd2 Rg7 39. Be2 1/2-1/2

[Event "28. O. Senioren-LEM Sachsen-Anhalt 2020"]
[Site "Magdeburg"]
[Date "2020.08.05"]
[Round "3.24"]
[White "Lindner, Helmut"]
[Black "Dinse, Michael"]
[Result "1-0"]
[WhiteElo "1866"]
[BlackElo "1684"]
[PlyCount "64"]
[EventDate "2020.??.??"]
[WhiteTeam "SC Prichsenstadt"]
[BlackTeam "Schachclub Turm-Reinfeld"]

1. e4 e6 2. d4 d5 3. Nc3 Be7 4. Nf3 dxe4 5. Nxe4 Nf6 6. Bd3 Nbd7 7. c3 b6 8.
O-O h6 9. Re1 Bb7 10. Nxf6+ gxf6 11. Be4 Bxe4 12. Rxe4 f5 13. Re2 Bd6 14. Qd3
Qf6 15. b3 O-O-O 16. Bb2 Rhg8 17. Ne1 Kb8 18. a4 e5 19. a5 e4 20. Qa6 Bf4 21.
axb6 Qxb6 22. Qc4 Qe6 23. Qb5+ Nb6 24. c4 c6 25. Qb4 Ka8 26. Qxb6 Rd7 27. Ra6
Rb8 28. Qxc6+ Qxc6 29. Rxc6 Rxb3 30. g3 Kb7 31. Rf6 Bc7 32. Rxf5 Bb6 1-0

[Event "28. O. Senioren-LEM Sachsen-Anhalt 2020"]
[Site "Magdeburg"]
[Date "2020.08.05"]
[Round "3.25"]
[White "Just, Gabriele"]
[Black "Schomann, Michael"]
[Result "1/2-1/2"]
[WhiteElo "1838"]
[BlackElo "1681"]
[PlyCount "51"]
[EventDate "2020.??.??"]
[WhiteTeam "Schachgemeinschaft Leipzig"]
[BlackTeam "TSV Kücknitz von 1911"]

1. d4 d5 2. Nf3 Nf6 3. Bg5 e6 4. Nbd2 Nbd7 5. e3 Be7 6. Bd3 O-O 7. O-O h6 8.
Bxf6 Nxf6 9. c3 c6 10. a4 b6 11. Ne5 Bb7 12. Qf3 Bd6 13. Qh3 Bxe5 14. dxe5 Nd7
15. f4 f5 16. b4 c5 17. g4 fxg4 18. Qxg4 Qe8 19. Rf3 Kh8 20. Rg3 Rg8 21. Nf3
cxb4 22. cxb4 Rc8 23. Bb5 a6 24. Bxd7 Qxd7 25. Nd4 Rce8 26. Rc1 1/2-1/2

[Event "28. O. Senioren-LEM Sachsen-Anhalt 2020"]
[Site "Magdeburg"]
[Date "2020.08.05"]
[Round "3.26"]
[White "Wohlrabe, Jörg"]
[Black "Siewert, Wolfgang"]
[Result "1/2-1/2"]
[WhiteElo "1693"]
[BlackElo "1841"]
[PlyCount "32"]
[EventDate "2020.??.??"]
[WhiteTeam "SF Fallersleben"]
[BlackTeam "SV Eiche Reichenbrand"]

1. e4 c6 2. d4 d5 3. exd5 cxd5 4. Nf3 Bg4 5. Be2 Nf6 6. O-O e6 7. c3 Nc6 8. Bg5
Be7 9. Nbd2 O-O 10. Qb3 a6 11. a4 Qc7 12. Rac1 Ne4 13. Be3 f5 14. g3 Nxd2 15.
Bxd2 Na5 16. Qd1 Nc4 1/2-1/2

[Event "28. O. Senioren-LEM Sachsen-Anhalt 2020"]
[Site "Magdeburg"]
[Date "2020.08.05"]
[Round "3.27"]
[White "Klüber, Werner"]
[Black "Hartmann, Wolfgang A. F."]
[Result "1-0"]
[WhiteElo "1824"]
[BlackElo "1629"]
[PlyCount "71"]
[EventDate "2020.??.??"]
[WhiteTeam "SC Prichsenstadt"]
[BlackTeam "SG Weißensee 49"]

1. d4 Nf6 2. Nf3 g6 3. c4 Bg7 4. Nc3 O-O 5. e4 d6 6. Be2 c6 7. O-O Nbd7 8. Bg5
h6 9. Be3 Ng4 10. Bc1 c5 11. d5 Nge5 12. Nxe5 Nxe5 13. f4 Nd7 14. Be3 Re8 15.
Qc2 Nf6 16. h3 a6 17. Bd3 e6 18. Rae1 Nh5 19. Qf2 f5 20. Kh2 Rf8 21. g3 Bd7 22.
Qc2 b5 23. dxe6 Bxe6 24. exf5 Bxf5 25. Bxf5 gxf5 26. Nd5 Kh8 27. Bc1 Ra7 28. b3
bxc4 29. Qxc4 Bd4 30. Be3 Bg7 31. Bd2 Kh7 32. Re6 Rg8 33. Rf3 Nf6 34. Nxf6+
Bxf6 35. Qd5 Rd7 36. Qxf5+ 1-0